| 000 | 00338nam a22001217a 4500 | ||
|---|---|---|---|
| 020 | _a1420061585 | ||
| 082 |
_222 _a621.38456 |
||
| 100 | _aOthman, Mazliza, | ||
| 245 | _aPrinciples of mobile computing and communication / | ||
| 260 |
_aNew York, _bAuerbach Publications, _cc2011. |
||
| 300 |
_axiii. 266p. ; _bill. ; _c22 cm. |
||
| 942 |
_2ddc _cEE |
||
| 999 |
_c1201 _d1201 |
||